College Football Helmets #2 - Statistics

General Stats
  • This quiz has been taken 358 times
    200 since last reset
  • The average score is 20 of 20
Answer Stats
Picture Answer % Correct
Georgia Tech
99%
Rutgers
99%
Syracuse
99%
Texas
99%
Washington
99%
Colorado
98%
Oklahoma
98%
Oklahoma State
98%
South Carolina
98%
Texas A&M
98%
Vanderbilt
98%
Baylor
97%
BYU
97%
Houston
97%
Iowa
97%
Louisville
97%
Purdue
97%
Stanford
97%
Northwestern
95%
NC State
94%
No matching quizzes found
Score Distribution
Percent of People with Each Score
Percentile by Number Answered
Your Score History
You have not taken this quiz since the last reset